000 00688nam a2200229Ia 4500
003 OSt
005 20260416113706.0
008 210210b1981 xxu||||| |||| 00| 0 eng d
040 _cAL
041 _aSanskrit
082 _aS891.9 KAPN
100 _aKAPUR (Rupalal).
_dकपूर (रूपलाल)
_9261816
245 _aNavarasa samanjasyam mahakavyam.
_bनवरससामञ्जस्यं महाकाव्यम्
260 _aMadras
_bBharatiya Nikunjam
_c1981
300 _a296
650 _asamanjasyam
_9261817
650 _aNavarasa
_9261818
650 _amahakavyam.
_9261819
690 _aSanskrit Criticism
_9261820
906 _a035984
942 _2ddc
_cBK
999 _c86762
_d86762